| 000 | 00745nam a2200253 i 4500 | ||
|---|---|---|---|
| 001 | 75891 | ||
| 003 | ES-MaACL | ||
| 005 | 20250110131544.0 | ||
| 007 | t| | ||
| 008 | 040928s1985 sp ||||1| spa d | ||
| 020 | _a84-350-0516-X | ||
| 100 | 1 |
_aGraves, Robert. _959783 |
|
| 245 | 1 | 0 |
_aUltimas aventuras del sargento Lamb / _cRobert Graves ; traducción de Cayetano Romano ; revisión de Carmen Camps. |
| 250 | _a[1ª ed.]. | ||
| 260 |
_aBarcelona : _bEdhasa, _c1985. |
||
| 300 |
_a301 p. ; _c24 cm. |
||
| 490 | 1 | _aNarrativas | |
| 700 | 1 |
_aRomano, Cayetano. _999248 |
|
| 700 | 1 |
_aCamps, Carmen. _934310 |
|
| 830 | 0 |
_aNarrativas (Edhasa) _9183509 |
|
| 852 |
_aES-MaACL _jL-10180 _bR.110742 |
||
| 942 | _2udc | ||
| 999 |
_c75891 _d75891 |
||